Kursus spesifikasi bangunan pintar : 1 - 4 Februari 2016

Bibliographic Details
Corporate Authors: Kursus spesifikasi bangunan pintar, INSPEN ( Institut Penilaian Negara )
Format: Book
Language:English
Subjects:

MARC

LEADER 00000cam a2200000 7i4500
001 0000027361
005 20170329.0
008 170223 my a eng
040 |a INS   |b eng   |c INS   |e rda 
090 0 0 |a B150 
110 1 |a Kursus spesifikasi bangunan pintar ,   |d 2016 1 - 4 Februari   |c INSPEN, Bangi 
245 0 0 |a Kursus spesifikasi bangunan pintar :   |b 1 - 4 Februari 2016   |c Anjuran Pusat Penilaian dan Perkhidmatan Harta, INSPEN 
264 0 |a Bangi :   |b Institut Penilaian Negara   |c 2016 
300 |a 1 volume (Various pagings) :   |b illustration, picture ;   |c 30 cm. 
336 |a text  |2 rdacontent 
337 |a unmediated  |2 rdamedia 
338 |a volume  |2 rdacarrier 
650 0 |a Intelligent building   |z Malaysia 
710 1 |a INSPEN ( Institut Penilaian Negara ) 
999 |a B000000431   |b BOOK   |c Course Notes   |e Default branch 
999 |a B000000432   |b BOOK   |c Course Notes   |e Default branch 
999 |a B000000445   |b BOOK   |c Course Notes   |e Default branch